<?xml version='1.0' encoding='UTF-8'?>
  <record xmlns="http://www.loc.gov/MARC21/slim">
    <leader>00000cam a2200000   4500</leader>
    <controlfield tag="001">ocm17359843</controlfield>
    <controlfield tag="003">OCoLC</controlfield>
    <controlfield tag="005">20251009082111.1</controlfield>
    <controlfield tag="008">880119s1901    enkaf         000 0 eng d</controlfield>
    <datafield tag="010" ind1=" " ind2=" ">
      <subfield code="a">agr12000077 </subfield>
    </datafield>
    <datafield tag="040" ind1=" " ind2=" ">
      <subfield code="a">RQI</subfield>
      <subfield code="b">eng</subfield>
      <subfield code="c">RQI</subfield>
      <subfield code="d">OCLCQ</subfield>
      <subfield code="d">AGL</subfield>
      <subfield code="d">OCLCQ</subfield>
      <subfield code="d">OCLCF</subfield>
      <subfield code="d">OCLCQ</subfield>
      <subfield code="d">OCLCO</subfield>
      <subfield code="d">EUW</subfield>
      <subfield code="d">OCLCQ</subfield>
      <subfield code="d">OCLCA</subfield>
      <subfield code="d">OCLCO</subfield>
      <subfield code="d">OCLCQ</subfield>
      <subfield code="d">OCLCO</subfield>
      <subfield code="d">OCLCL</subfield>
    </datafield>
    <datafield tag="016" ind1="7" ind2=" ">
      <subfield code="a">CAT10512650</subfield>
      <subfield code="2">DNAL</subfield>
    </datafield>
    <datafield tag="019" ind1=" " ind2=" ">
      <subfield code="a">1157359885</subfield>
    </datafield>
    <datafield tag="029" ind1="1" ind2=" ">
      <subfield code="a">AU@</subfield>
      <subfield code="b">000010169519</subfield>
    </datafield>
    <datafield tag="029" ind1="1" ind2=" ">
      <subfield code="a">NLGGC</subfield>
      <subfield code="b">059085134</subfield>
    </datafield>
    <datafield tag="035" ind1=" " ind2=" ">
      <subfield code="a">(OCoLC)17359843</subfield>
      <subfield code="z">(OCoLC)1157359885</subfield>
    </datafield>
    <datafield tag="070" ind1="0" ind2=" ">
      <subfield code="a">41</subfield>
      <subfield code="b">G131</subfield>
    </datafield>
    <datafield tag="072" ind1=" " ind2="0">
      <subfield code="a">L800</subfield>
    </datafield>
    <datafield tag="100" ind1="1" ind2=" ">
      <subfield code="a">Barton, Frank Townend,</subfield>
      <subfield code="d">1869?-1948.</subfield>
      <subfield code="1">https://id.oclc.org/worldcat/entity/E39PBJmxRkXcMrWrxb6cpWHBfq</subfield>
    </datafield>
    <datafield tag="245" ind1="1" ind2="4">
      <subfield code="a">The veterinary manual (for horse-owners, and as a text-book for students of agriculture) /</subfield>
      <subfield code="c">by Frank Townend Barton.</subfield>
    </datafield>
    <datafield tag="260" ind1=" " ind2=" ">
      <subfield code="a">London,</subfield>
      <subfield code="b">R.A. Everett &amp; Co.,</subfield>
      <subfield code="c">1901.</subfield>
    </datafield>
    <datafield tag="300" ind1=" " ind2=" ">
      <subfield code="a">505 pages 1 leaf, [12] pages</subfield>
      <subfield code="b">including, folded frontispiece, illustrations, folded plates</subfield>
      <subfield code="c">20 cm</subfield>
    </datafield>
    <datafield tag="336" ind1=" " ind2=" ">
      <subfield code="a">text</subfield>
      <subfield code="b">txt</subfield>
      <subfield code="2">rdacontent</subfield>
    </datafield>
    <datafield tag="337" ind1=" " ind2=" ">
      <subfield code="a">unmediated</subfield>
      <subfield code="b">n</subfield>
      <subfield code="2">rdamedia</subfield>
    </datafield>
    <datafield tag="338" ind1=" " ind2=" ">
      <subfield code="a">volume</subfield>
      <subfield code="b">nc</subfield>
      <subfield code="2">rdacarrier</subfield>
    </datafield>
    <datafield tag="500" ind1=" " ind2=" ">
      <subfield code="a">[12] p. end ruled for "Notes on ailments."</subfield>
    </datafield>
    <datafield tag="650" ind1=" " ind2="0">
      <subfield code="a">Horses</subfield>
      <subfield code="x">Diseases.</subfield>
    </datafield>
    <datafield tag="650" ind1=" " ind2="0">
      <subfield code="a">Veterinary medicine</subfield>
      <subfield code="v">Textbooks.</subfield>
    </datafield>
    <datafield tag="650" ind1=" " ind2="0">
      <subfield code="a">Veterinary medicine.</subfield>
    </datafield>
    <datafield tag="650" ind1=" " ind2="2">
      <subfield code="a">Horse Diseases</subfield>
    </datafield>
    <datafield tag="650" ind1=" " ind2="2">
      <subfield code="a">Veterinary Medicine</subfield>
    </datafield>
    <datafield tag="650" ind1=" " ind2="6">
      <subfield code="a">Chevaux</subfield>
      <subfield code="x">Maladies.</subfield>
    </datafield>
    <datafield tag="650" ind1=" " ind2="6">
      <subfield code="a">Médecine vétérinaire.</subfield>
    </datafield>
    <datafield tag="650" ind1=" " ind2="7">
      <subfield code="a">veterinary medicine.</subfield>
      <subfield code="2">aat</subfield>
    </datafield>
    <datafield tag="650" ind1=" " ind2="7">
      <subfield code="a">Horses</subfield>
      <subfield code="x">Diseases.</subfield>
      <subfield code="2">fast</subfield>
      <subfield code="0">(OCoLC)fst00960626</subfield>
    </datafield>
    <datafield tag="650" ind1=" " ind2="7">
      <subfield code="a">Veterinary medicine.</subfield>
      <subfield code="2">fast</subfield>
      <subfield code="0">(OCoLC)fst01165977</subfield>
    </datafield>
    <datafield tag="655" ind1=" " ind2="7">
      <subfield code="a">Textbooks.</subfield>
      <subfield code="2">fast</subfield>
      <subfield code="0">(OCoLC)fst01423863</subfield>
    </datafield>
    <datafield tag="758" ind1=" " ind2=" ">
      <subfield code="i">has work:</subfield>
      <subfield code="a">The veterinary manual (for horse-owners, and as a text-book for students of agriculture) (Text)</subfield>
      <subfield code="1">https://id.oclc.org/worldcat/entity/E39PCGJ4K4xm6CkBRWkmkBRcbm</subfield>
      <subfield code="4">https://id.oclc.org/worldcat/ontology/hasWork</subfield>
    </datafield>
    <datafield tag="776" ind1="0" ind2="8">
      <subfield code="i">Electronic version:</subfield>
      <subfield code="t">Veterinary manual (for horse-owners, and as a text-book for students of agriculture)</subfield>
      <subfield code="w">(UkLW)b28122434</subfield>
    </datafield>
    <datafield tag="776" ind1="0" ind2="8">
      <subfield code="i">Online version:</subfield>
      <subfield code="a">Barton, Frank Townend, 1869?-1948. https://id.oclc.org/worldcat/entity/E39PBJmxRkXcMrWrxb6cpWHBfq.</subfield>
      <subfield code="t">Veterinary manual (for horse-owners, and as a text-book for students of agriculture)</subfield>
      <subfield code="d">London, R.A. Everett &amp; Co., 1901</subfield>
      <subfield code="w">(OCoLC)1544751272</subfield>
    </datafield>
  </record>